01011nam a22003254a 4500001000800000007000300008008004100011040001200052041000800064043000700072082002400079110007900103245006500182250001000247260002600257300001700283650004200300650003300342650002700375650002600402650003100428650002100459653003000480700002900510700003000539700002700569700003400596700002800630700002700658ESSALUDta t1985 pe gr 00| 0 spa d aESSALUD aspa cpe a368.4201bIN59/1985 aInstituto Peruano de Seguridad Social. Dirección de Estadísticaeautor aBoletín estadístico de prestaciones de salud: año 1985 a1 ed. aLima : bIPSS, c1985 a84 páginas aESTADÍSTICAS DE ATENCIÓN MÉDICA aESTADÍSTICAS HOSPITALARIAS aATENCIÓN AMBULATORIA aACCIDENTES DE TRABAJO aENFERMEDADES PROFESIONALES aSEGURIDAD SOCIAL aPRESTACIONES ECONÓMICAS aGarcia Guillen, Aquilino aSerrano Gallardo, Marcela aLi Quispe, Juan Carlos aDongo Huamán, Gilda Yolanda aTapia Villalta, Eusebia aVallejos Arce, Rosaura